000 00364nam a22001577a 4500
003 MPLRDC
005 20220104143800.0
008 210129b ||||| |||| 00| 0 eng d
082 _a282 DY c.2
100 _a丁婴 编
245 _a中国上古神话故事
_c
260 _a
_b香港上海书局
_c1977
300 _b
650 _a
942 _cBK
_o282 DY c.2
999 _c43283
_d43273